| 000 | 00963nam a2200265 i 4500 | ||
|---|---|---|---|
| 003 | IT-RoINE | ||
| 005 | 20180711071628.0 | ||
| 008 | 900703s1983 it |r 1|||ita|d | ||
| 040 |
_aSpMaBN _cA2 IT-RoINE _dIT-RoINE |
||
| 041 | 0 |
_acat _ager _aita _alat _aspa |
|
| 100 | 1 |
_aBatllori, Miguel, _cS.I., _d1909-2003 _96415 |
|
| 245 | 1 | 0 |
_aCultura e finanze : _bstudi sulla storia dei Gesuiti da S. Ignazio al Vaticano II / _cMiguel Batllori, S.I. |
| 260 |
_aRoma : _bEdizioni di storia e letteratura, _c1983. |
||
| 300 |
_a495 p. ; _c25 cm. |
||
| 336 |
_2rdacontent _atext |
||
| 337 |
_2rdamedia _aunmediated |
||
| 338 |
_2rdacarrier _avolume |
||
| 490 | 1 |
_aStoria e Letteratura ; _v158 |
|
| 500 | _aIncluye índices. | ||
| 504 | _aIncluye referencias bibliográficas en notas. | ||
| 546 | _aTextos en alemán, catalán, español, italiano y latín. | ||
| 610 | 2 | 4 |
_aJesuitas _927045 _xHistoria |
| 830 | 0 |
_918565 _aStoria e letteratura ; _v158 |
|
| 942 | _cMTS | ||
| 999 |
_c25996 _d25996 |
||